| 000 | 01262nam1a22002771 4500 | ||
|---|---|---|---|
| 001 | rc\2871830 | ||
| 005 | 20110714181335.8 | ||
| 035 | _a(NLR Aleph) 007025150 | ||
| 090 |
_a5947630 _c5947630 |
||
| 100 | _a20110714d1932 |||y0rusy50 ca | ||
| 101 | 0 |
_aeng _arus |
|
| 102 | _aRU | ||
| 105 | _ay j ||||| | ||
| 200 | 1 |
_aМассовый учебник английского языка для рабочих кружков _fВойнилович-Няньковские Е.Г. и В.Б., Эмпе М.С. |
|
| 210 |
_aМосква _aЛенинград _cГос. учеб.-пед. изд-во _d1932 _eЛенинград _gТип. "Печатный двор" |
||
| 215 | _d20×14 см | ||
| 300 | _aНа тит. л. загл.: "Easy english. Массовый учебник английского языка" | ||
| 517 | 0 | 0 |
_aEasy english _eМассовый учебник английского языка |
| 700 | 1 |
_aВойнилович-Няньковская _bЕ. Г. _c1895- _gЕлена Генриховна |
|
| 701 | 1 |
_aВойнилович-Няньковский _bВ. Б. _gВсеволод Борисович |
|
| 701 | 1 |
_aЭмпе _bМ. С. |
|
| 801 | 0 |
_aRU _bNLR _gpsbo |
|
| 801 | 1 |
_aRU _bELAR _2rusmarc |
|
| 852 |
_aNLR _j31-17/638 |
||
| 942 | _cBOOK | ||
| 980 | _aNB | ||